000
00340pab a2200145 454500
008
180718b1988 xxu||||| |||| 00| 0 eng d
100
_a
Paul, Swarj
245
_a
Management today - a view from the top
260
_c
1988
300
_a
1-5
362
_a
Jul.
650
_a
Management
773
_a
MDI Management Journal
909
_a
13053
999
_c
13053
_d
13053